000
00338nam a22001457a 4500
008
210521b ||||| |||| 00| 0 eng d
020
_a
0070057400
041
_a
eng
080
_a
721
082
_a
721
100
_a
44
101
_a
NDE
245
_a
Signage Graphic Communications in the Built World
_c
Lendon,Ch.B
942
_2
udc
_c
BK
999
_c
57597
_d
57597